| 000 | 01568cam a22004217a 4500 | ||
|---|---|---|---|
| 001 | 000094621 | ||
| 003 | CHAP | ||
| 005 | 20220329143035.0 | ||
| 008 | 051007d2005 mx r 00110 spa d | ||
| 010 | _a91087 | ||
| 011 | _a92059 | ||
| 035 | _a102622 | ||
| 040 | _cCHAP | ||
| 090 | _aTesis | ||
| 100 | 0 | 0 |
_aRuiz Meza, Laura Elena. _9100737 |
| 245 | 1 | 0 |
_aGénero, instituciones sociales y gestión de recursos naturales en la región Sierra de Chiapas / _c/por Laura Elena Ruíz Meza. |
| 260 |
_aChapingo, Méx. : _bEl autor, _c2005. |
||
| 300 | _a224 p. | ||
| 502 | _aTesis(M.C. en Desarrollo Rural Regional) -- UACH. Dirección de Centros Regionales Universitarios | ||
| 590 |
_aALEPH _b10 _c20130110 _lUCH01 _h1506 |
||
| 590 |
_aBATCH-UPD _b10 _c20130110 _lUCH01 _h0613 |
||
| 590 |
_aBATCH-UPD _b10 _c20130410 _lUCH01 _h0255 |
||
| 590 |
_aBATCH-UPD _b10 _c20130914 _lUCH01 _h1308 |
||
| 590 |
_aBATCH-UPD _b10 _c20140324 _lUCH01 _h1451 |
||
| 590 |
_aBATCH-UPD _b10 _c20141002 _lUCH01 _h0826 |
||
| 590 |
_aCONVERSION _b10 _c20130109 _lUCH01 _h1350 |
||
| 590 |
_aE12093SGE _b10 _c20130618 _lUCH01 _h0957 |
||
| 650 | 1 | 4 |
_aEnfoque de género. _936945 |
| 650 | 1 | 4 |
_aInstituciones sociales. _958980 |
| 650 | 1 | 4 |
_aRecursos naturales _xChiapas. _995215 |
| 856 |
_3Finding aid _uhttp://10.13.5.2/tesis/102622.pdf _zTeclea aquí |
||
| 901 | _aBK | ||
| 905 | _aAlejandra Carrasco M. | ||
| 942 | _cCD | ||
| 942 | _n0 | ||
| 949 |
_aTesis _bBC _cTES _d1026221 _eTS1 _gI. DonaciØn _h43781 _i102622 _sb |
||
| 949 |
_aTesis _bBC _cTES _d33724000970794 _eTS2 _fc.2 _gI. DonaciØn _h43782 _i102622 _sb |
||
| 999 |
_c91087 _d91087 |
||